Cats Trivia - Statistics

General Stats
  • This quiz has been taken 2,078 times
  • The average score is 6 of 10
Answer Stats
Hint Answer % Correct
Name of baby cat Kitten
95%
Black cats bring Good luck
90%
Cat life span 12-15
85%
Name of a male cat Tom
73%
Cats daily sleeping hours 13-14hrs
68%
One cat year is equivalent to how many human years 15
68%
Number of distinct cat breeds 100
33%
Name of Female Cat Molly/ Queen
28%
Group of cats Clowder
20%
Amount of domestic cats in the world 500 million
14%
No matching quizzes found
Score Distribution
Percent of People with Each Score
Percentile by Number Answered
Your Score History
You have not taken this quiz